| 000 | 00504nam a2200169Ia 4500 | ||
|---|---|---|---|
| 999 |
_c24268 _d24268 |
||
| 003 | OSt | ||
| 005 | 20231215101657.0 | ||
| 008 | 190216s9999||||xx |||||||||||||| ||und|| | ||
| 040 | _coclc | ||
| 082 |
_a894.812 _bAZH/S |
||
| 100 | 0 |
_aAzheekode, Sukumar _d1926-2012 _91868 |
|
| 245 | 0 |
_aSankarkurup Vimarsikkappetunnu / _cSukamar Azhikode |
|
| 260 |
_bNavakerala Pub Co, _acalicut: _c1963. |
||
| 300 | _a189p | ||
| 650 | _aPadanam | ||
| 942 |
_cBK _2ddc _h894.812 _iAZH/S _k894.812 _mAZH/S |
||